The Secret Barrister (Record no. 4840)

MARC details
000 -CABECERA
campo de control de longitud fija 02914cam a2200325 i 4500
001 - NÚMERO DE CONTROL
campo de control 990222961670107026
003 - IDENTIFICADOR DEL NÚMERO DE CONTROL
campo de control UkOxU
005 - FECHA Y HORA DE LA ÚLTIMA TRANSACCIÓN
campo de control 20250709091206.0
008 - DATOS DE LONGITUD FIJA--INFORMACIÓN GENERAL
campo de control de longitud fija 201110s2019 enk b 000|0 eng d
020 ## - NÚMERO INTERNACIONAL ESTÁNDAR DEL LIBRO
Número Internacional Estándar del Libro 9781509841141
035 ## - NÚMERO DE CONTROL DEL SISTEMA
Número de control de sistema (UkOxU)022296167
035 ## - NÚMERO DE CONTROL DEL SISTEMA
Número de control de sistema (UkOxU)022296167BIB01
040 ## - FUENTE DE LA CATALOGACIÓN
Centro catalogador/agencia de origen UkOxU
Lengua de catalogación eng
Normas de descripción rda
Centro/agencia transcriptor UkOxU
041 ## - CÓDIGO DE LENGUA
Código de lengua del texto/banda sonora o título independiente eng
050 ## - SIGNATURA TOPOGRÁFICA DE LA BIBLIOTECA DEL CONGRESO
Número de clasificación KF297
Número de documento/Ítem .S33 2018
100 ## - ENTRADA PRINCIPAL--NOMBRE DE PERSONA
Nombre de persona Secret Barrister
Término indicativo de función/relación author
9 (RLIN) 25715
245 14 - MENCIÓN DE TÍTULO
Título The Secret Barrister
Resto del título : stories of the law and how it's broken.
246 3# - FORMA VARIANTE DE TÍTULO
Título propio/Titulo breve Stories of the law and how it's broken
260 ## - PUBLICACIÓN, DISTRIBUCIÓN, ETC.
Lugar de publicación, distribución, etc. London :
Nombre del editor, distribuidor, etc. Picador,
Fecha de publicación, distribución, etc. 2019.
300 ## - DESCRIPCIÓN FÍSICA
Extensión 373 pages ;
Dimensiones 20 cm.
500 ## - NOTA GENERAL
Nota general Anonymous.
500 ## - NOTA GENERAL
Nota general Originally published : London : Macmillan, 2018.
504 ## - NOTA DE BIBLIOGRAFÍA, ETC.
Nota de bibliografía, etc. Includes bibliographical references.
505 ## - NOTA DE CONTENIDO CON FORMATO
Nota de contenido con formato Introduction: My opening speech — Welcome to the criminal courtroom — The wild West : the magistrates' court — Watching the guilty walk free : prosecuting on the cheap — The devil's greatest trick : putting the victim first — Defenceless and indefensible — Legal aid myths and the innocence tax — Trial on trial : part I : the case again — Trial on trial : part II : the case against defence — The big sentencing con — The courage of our convictions : appeal — My closing speech.
520 ## - SUMARIO, ETC.
Sumario, etc. An anonymous barrister writes a powerfully honest, provocative and moving first-hand account of life in the legal system and how it's failing us all "I'm a barrister, a job which requires the skills of a social worker, relationship counsellor, arm-twister, hostage negotiator, named driver, bus fare-provider, accountant, suicide watchman, coffee-supplier, surrogate parent and, on one memorable occasion, whatever the official term is for someone tasked with breaking the news to a prisoner that his girlfriend has been diagnosed with gonorrhoea." Welcome to the world of the Secret Barrister. These are the stories of life inside the courtroom. They are sometimes funny, often moving and ultimately life-changing. How can you defend a child-abuser you suspect to be guilty? What do you say to someone sentenced to ten years who you believe to be innocent? What is the law and why do we need it? And why do they wear those stupid wigs? From the criminals to the lawyers, the victims, witnesses and officers of the law, here is the best and worst of humanity, all struggling within a broken system which would never be off the front pages if the public knew what it was really like. Both a searing first-hand account of the human cost of the criminal justice system, and a guide to how we got into this mess, The Secret Barrister wants to show you what it's really like and why it really matters.
650 #0 - PUNTO DE ACCESO ADICIONAL DE MATERIA--TÉRMINO DE MATERIA
Término de materia o nombre geográfico como elemento de entrada Criminal justice, Administration of
Subdivisión geográfica Great Britain
Subdivisión de forma Anecdotes
9 (RLIN) 25716
650 #0 - PUNTO DE ACCESO ADICIONAL DE MATERIA--TÉRMINO DE MATERIA
Término de materia o nombre geográfico como elemento de entrada Lawyers
Subdivisión geográfica Great Britain
Subdivisión de forma Anecdotes
9 (RLIN) 25717
650 #0 - PUNTO DE ACCESO ADICIONAL DE MATERIA--TÉRMINO DE MATERIA
Término de materia o nombre geográfico como elemento de entrada Law and ethics
9 (RLIN) 25718
942 ## - ELEMENTOS DE ENTRADA AGREGADA (KOHA)
Fuente del sistema de clasificación o colocación Clasificación de Library of Congress
Holdings
Estado de retiro Estado de pérdida Fuente del sistema de clasificación o colocación Estado dañado No para préstamo Biblioteca de origen Biblioteca actual Fecha de adquisición Total de préstamos Signatura topográfica completa Código de barras Fecha visto por última vez Número de copia Precio válido a partir de Tipo de ítem Koha
    Clasificación de Library of Congress     TBS Barcelona TBS Barcelona 09/07/2025   KD460 SEC B07586 09/07/2025 1 09/07/2025 Book

Powered by Koha